[Event "Ulster Championships 2025"]
[Site "Lisburn Chess Club, United Kingdom"]
[Date "2025.08.24"]
[Round "3.2"]
[White "Tahmankar, Mandar"]
[Black "Annesley, Gareth"]
[Result "1-0"]
[WhiteElo "2082"]
[BlackElo "1952"]
[TimeControl "90' + 30\""]
[ePGN "0.1;DGT LiveChess/2.2.7"]
[WhiteFideId "5019400"]
[BlackFideId "2505762"]

1. d4 { [%clk 01:30:42] } 1... c5 { [%clk 01:28:54] } 2. c3 { [%clk
01:29:55] } 2... Nf6 { [%clk 01:28:32] } 3. Nf3 { [%clk 01:30:16] } 3... g6
{ [%clk 01:26:19] } 4. g3 { [%clk 01:30:42] } 4... Bg7 { [%clk 01:26:41] }
5. Bg2 { [%clk 01:31:03] } 5... O-O { [%clk 01:26:50] } 6. O-O { [%clk
01:31:30] } 6... d6 { [%clk 01:27:07] } 7. b3 { [%clk 01:30:23] } 7... Nc6
{ [%clk 01:23:02] } 8. d5 { [%clk 01:29:57] } 8... Nb8 { [%clk 01:22:47] }
9. Bb2 { [%clk 01:29:54] } 9... e5 { [%clk 01:22:20] } { [%emt 00:00:13] }
10. dxe6 { [%clk 01:28:57] } 10... fxe6 { [%clk 01:21:59] } 11. Nbd2 {
[%clk 01:29:03] } 11... d5 { [%clk 01:22:05] } 12. Qc2 { [%clk 01:28:59] }
12... Nc6 { [%clk 01:20:11] } 13. e4 { [%clk 01:25:26] } 13... Qc7 { [%clk
01:12:10] } 14. Rad1 { [%clk 01:20:20] } 14... b5 { [%clk 01:03:09] } 15.
Ba3 { [%clk 01:06:18] } 15... Qb6 { [%clk 01:01:28] } 16. c4 { [%clk
01:05:30] } 16... dxc4 { [%clk 00:43:40] } 17. bxc4 { [%clk 00:57:01] } {
[%emt 00:03:54] } 17... b4 { [%clk 00:43:59] } { [%emt 00:00:20] } 18. Bb2
{ [%clk 00:57:29] } 18... a5 { [%clk 00:40:00] } { [%emt 00:04:21] } 19. e5
{ [%clk 00:43:46] } { [%emt 00:14:31] } 19... Ne8 { [%clk 00:37:49] } {
[%emt 00:02:20] } 20. Ne4 { [%clk 00:29:55] } { [%emt 00:14:54] } 20... a4
{ [%clk 00:32:06] } { [%emt 00:05:42] } 21. Nd6 { [%clk 00:27:43] } { [%emt
00:02:43] } 21... b3 { [%clk 00:31:26] } { [%emt 00:01:20] } 22. axb3 {
[%clk 00:28:03] } { [%emt 00:00:04] } 22... axb3 { [%clk 00:31:53] } 23.
Qb1 { [%clk 00:27:00] } { [%emt 00:01:29] } 23... Rb8 { [%clk 00:25:55] } {
[%emt 00:06:28] } 24. Nxc8 { [%clk 00:20:53] } { [%emt 00:06:36] } 24...
Rxc8 { [%clk 00:26:16] } { [%emt 00:00:40] } 25. Bh3 { [%clk 00:20:03] } {
[%emt 00:01:27] } 25... Na5 { [%clk 00:15:32] } { [%emt 00:11:07] } 26. Ng5
{ [%clk 00:17:47] } { [%emt 00:03:42] } 26... Rc6 { [%clk 00:11:49] } {
[%emt 00:02:51] } 27. Qd3 { [%clk 00:16:47] } { [%emt 00:03:33] } 27... h6
{ [%clk 00:10:10] } 28. Ne4 { [%clk 00:16:37] } { [%emt 00:00:40] } 28...
Rc7 { [%clk 00:04:39] } { [%emt 00:06:05] } 29. Rd2 { [%clk 00:09:05] } {
[%emt 00:08:07] } 29... Kh7 { [%clk 00:04:40] } { [%emt 00:00:21] } 30. Bg4
{ [%clk 00:08:17] } { [%emt 00:01:45] } 30... Nc6 { [%clk 00:03:12] } {
[%emt 00:01:30] } 31. f4 { [%clk 00:08:37] } { [%emt 00:00:40] } 31... Nb4
{ [%clk 00:02:59] } { [%emt 00:00:21] } 32. Qxb3 { [%clk 00:08:51] } {
[%emt 00:00:11] } 32... g5 { [%clk 00:02:09] } { [%emt 00:01:17] } 33. fxg5
{ [%clk 00:08:16] } { [%emt 00:01:05] } 33... Rxf1+ { [%clk 00:02:11] } {
[%emt 00:01:05] } 34. Kxf1 { [%clk 00:08:45] } 34... Qc6 { [%clk 00:02:14]
} 35. Bf3 { [%clk 00:07:54] } { [%emt 00:01:13] } 35... Qa6 { [%clk
00:01:14] } { [%emt 00:01:38] } 36. Nf6+ { [%clk 00:07:58] } { [%emt
00:00:43] } 1-0

[Event "Ulster Championships 2025"]
[Site "Lisburn Chess Club, United Kingdom"]
[Date "2025.08.24"]
[Round "3.5"]
[White "Murphy, Peter"]
[Black "Dolan, Peter"]
[Result "0-1"]
[WhiteElo "1635"]
[BlackElo "1586"]
[TimeControl "90' + 30\""]
[ePGN "0.1;DGT LiveChess/2.2.7"]
[WhiteFideId "2518465"]
[BlackFideId "2413612"]

1. e4 { [%clk 01:30:57] } 1... c5 { [%clk 01:30:34] } 2. Nf3 { [%clk
01:30:58] } 2... e6 { [%clk 01:30:54] } 3. Bc4 { [%clk 01:29:56] } 3... d5
{ [%clk 01:30:13] } 4. exd5 { [%clk 01:29:09] } 4... exd5 { [%clk 01:30:31]
} 5. Qe2+ { [%clk 01:28:42] } 5... Be7 { [%clk 01:29:59] } 6. Bb5+ { [%clk
01:27:04] } 6... Nc6 { [%clk 01:24:37] } 7. d4 { [%clk 01:25:53] } 7... Nf6
{ [%clk 01:23:12] } 8. Nc3 { [%clk 01:24:12] } 8... O-O { [%clk 01:22:01] }
9. Bxc6 { [%clk 01:22:06] } 9... bxc6 { [%clk 01:22:08] } 10. Be3 { [%clk
01:20:32] } 10... Qb6 { [%clk 01:12:56] } 11. O-O-O { [%clk 01:17:40] }
11... Ba6 { [%clk 01:09:17] } 12. Qe1 { [%clk 01:15:57] } 12... Rfe8 {
[%clk 01:02:08] } 13. Qd2 { [%clk 01:12:43] } 13... cxd4 { [%clk 00:58:32]
} 14. Bxd4 { [%clk 01:10:01] } 14... c5 { [%clk 00:58:28] } 15. Bxf6 {
[%clk 01:09:07] } 15... Bxf6 { [%clk 00:58:48] } 16. Qxd5 { [%clk 01:08:09]
} 16... Bxc3 { [%clk 00:56:34] } 17. bxc3 { [%clk 01:07:29] } 17... Rab8 {
[%clk 00:56:25] } 18. Qb3 { [%clk 01:04:32] } 18... Qh6+ { [%clk 00:56:45]
} 19. Rd2 { [%clk 01:03:26] } 19... Rxb3 { [%clk 00:57:05] } 20. cxb3 {
[%clk 01:03:10] } 20... Rd8 { [%clk 00:56:18] } 21. Re1 { [%clk 01:02:53] }
21... f6 { [%clk 00:56:24] } 22. Rd1 { [%clk 01:02:25] } 22... Be2 { [%clk
00:56:21] } 23. Kc2 { [%clk 01:01:46] } 23... Bxd1+ { [%clk 00:56:31] } 24.
Rxd1 { [%clk 01:01:52] } 24... Rxd1 { [%clk 00:56:52] } 25. Kxd1 { [%clk
01:02:13] } 25... Qg6 { [%clk 00:56:54] } 26. Ke2 { [%clk 01:01:54] } 26...
Qc2+ { [%clk 00:57:09] } 27. Ke3 { [%clk 01:02:06] } 27... Qxc3+ { [%clk
00:57:27] } 28. Kf4 { [%clk 01:02:09] } 28... g5+ { [%clk 00:57:08] } 29.
Kf5 { [%clk 01:02:02] } 29... Kf7 { [%clk 00:57:19] } 30. h4 { [%clk
01:02:10] } 30... Qd3+ { [%clk 00:57:00] } 31. Kg4 { [%clk 01:02:15] }
31... Qe4+ { [%clk 00:57:07] } 32. Kh5 { [%clk 01:02:21] } 32... g4 { [%clk
00:57:15] } 33. Kh6 { [%clk 01:01:54] } 33... Qg6# { [%clk 00:57:37] } {
[%emt 00:19:05] } 0-1

[Event "Ulster Championships 2025"]
[Site "Lisburn Chess Club, United Kingdom"]
[Date "2025.08.24"]
[Round "3.6"]
[White "McCracken, David"]
[Black "Hill, Daniel"]
[Result "0-1"]
[WhiteElo "1573"]
[BlackElo "1577"]
[TimeControl "90' + 30\""]
[ePGN "0.1;DGT LiveChess/2.2.7"]
[WhiteFideId "25271111"]
[BlackFideId "2517744"]

1. Nf3 { [%clk 01:00:59] } { [%emt 00:00:33] } 1... Nf6 { [%clk 01:00:55] }
{ [%emt 00:00:04] } 2. g3 { [%clk 01:01:26] } 2... g6 { [%clk 01:01:20] }
3. Bg2 { [%clk 01:01:54] } 3... Bg7 { [%clk 01:01:35] } { [%emt 00:00:04] }
4. O-O { [%clk 01:02:21] } 4... O-O { [%clk 01:01:58] } { [%emt 00:00:10] }
5. d3 { [%clk 01:02:41] } { [%emt 00:00:04] } 5... d6 { [%clk 01:01:50] } {
[%emt 00:00:53] } 6. e4 { [%clk 01:02:46] } { [%emt 00:00:47] } 6... e5 {
[%clk 01:02:07] } 7. h3 { [%clk 01:02:27] } { [%emt 00:00:47] } 7... h6 {
[%clk 01:01:18] } { [%emt 00:01:11] } 8. Nbd2 { [%clk 01:02:15] } { [%emt
00:00:26] } 8... Nc6 { [%clk 01:00:58] } { [%emt 00:00:50] } 9. c3 { [%clk
01:02:28] } { [%emt 00:00:42] } 9... Nd7 { [%clk 01:00:34] } { [%emt
00:01:04] } 10. Ne1 { [%clk 00:57:15] } { [%emt 00:05:27] } 10... Ne7 {
[%clk 00:58:30] } { [%emt 00:02:23] } 11. f4 { [%clk 00:52:53] } { [%emt
00:04:47] } 11... f5 { [%clk 00:58:08] } { [%emt 00:00:50] } 12. Ndf3 {
[%clk 00:51:41] } { [%emt 00:01:48] } 12... exf4 { [%clk 00:53:33] } {
[%emt 00:05:00] } 13. gxf4 { [%clk 00:51:08] } { [%emt 00:01:57] } 13...
Rb8 { [%clk 00:46:37] } { [%emt 00:06:42] } 14. Qe2 { [%clk 00:47:05] } {
[%emt 00:04:21] } 14... Qe8 { [%clk 00:42:39] } { [%emt 00:04:31] } 15. Nc2
{ [%clk 00:39:01] } { [%emt 00:08:31] } 15... c5 { [%clk 00:42:03] } {
[%emt 00:01:06] } 16. Nd2 { [%clk 00:35:29] } { [%emt 00:04:04] } 16... b5
{ [%clk 00:41:06] } { [%emt 00:01:29] } 17. c4 { [%clk 00:33:47] } { [%emt
00:02:31] } 17... b4 { [%clk 00:39:32] } { [%emt 00:02:06] } 18. Rb1 {
[%clk 00:31:47] } { [%emt 00:02:05] } 18... Rb6 { [%clk 00:33:34] } { [%emt
00:06:29] } { Board 3 Intermediate } 0-1

[Event "Ulster Championships 2025"]
[Site "Lisburn Chess Club, United Kingdom"]
[Date "2025.08.24"]
[Round "4.1"]
[White "Razbadauskas, Modestas"]
[Black "Tahmankar, Mandar"]
[Result "1/2-1/2"]
[WhiteElo "1734"]
[BlackElo "2082"]
[TimeControl "90' + 30\""]
[ePGN "0.1;DGT LiveChess/2.2.7"]
[WhiteFideId "2513358"]
[BlackFideId "5019400"]

1. d4 { [%clk 01:30:56] } { [%emt 00:00:05] } 1... Nf6 { [%clk 01:30:36] }
{ [%emt 00:00:32] } 2. c4 { [%clk 01:31:03] } { [%emt 00:00:13] } 2... d5 {
[%clk 01:30:24] } { [%emt 00:00:41] } 3. Bg5 { [%clk 01:31:10] } { [%emt
00:00:31] } 3... e6 { [%clk 01:30:04] } { [%emt 00:01:23] } 4. e3 { [%clk
01:31:09] } 4... Be7 { [%clk 01:30:17] } { [%emt 00:00:07] } 5. Nf3 { [%clk
01:31:10] } { [%emt 00:00:43] } 5... O-O { [%clk 01:30:39] } 6. Nbd2 {
[%clk 01:30:48] } { [%emt 00:01:00] } 6... c5 { [%clk 01:30:33] } { [%emt
00:00:22] } 7. Rc1 { [%clk 01:30:11] } { [%emt 00:01:07] } 7... cxd4 {
[%clk 01:28:21] } { [%emt 03:01:04] } 8. Nxd4 { [%clk 01:28:53] } 8... e5 {
[%clk 01:27:01] } 9. Nc2 { [%clk 01:28:41] } 9... Nc6 { [%clk 01:22:23] }
10. Be2 { [%clk 01:28:05] } 10... dxc4 { [%clk 01:15:19] } 11. Nxc4 { [%clk
01:27:20] } 11... Be6 { [%clk 01:12:40] } 12. O-O { [%clk 01:26:59] } 12...
b5 { [%clk 01:11:01] } 13. Bxf6 { [%clk 01:26:37] } 13... Bxf6 { [%clk
01:11:16] } 14. Nd6 { [%clk 01:26:11] } 14... a6 { [%clk 01:11:23] } {
[%emt 00:00:09] } 15. Bf3 { [%clk 01:25:42] } 15... Qb6 { [%clk 01:11:09] }
16. Na3 { [%clk 01:23:44] } 16... Nb4 { [%clk 01:05:17] } 17. Bxa8 { [%clk
01:23:09] } 17... Rxa8 { [%clk 01:05:45] } 18. Ne4 { [%clk 01:22:47] }
18... Be7 { [%clk 01:06:09] } 19. Nc3 { [%clk 01:20:50] } 19... Rd8 { [%clk
01:06:13] } 20. Qh5 { [%clk 01:20:24] } 20... Nd3 { [%clk 01:06:14] } 21.
Rcd1 { [%clk 01:18:01] } 21... b4 { [%clk 00:58:09] } 22. Qe2 { [%clk
01:15:07] } 22... Nc5 { [%clk 00:56:08] } 23. Rxd8+ { [%clk 01:14:11] }
23... Bxd8 { [%clk 00:53:31] } 24. Nc4 { [%clk 01:13:47] } 24... Bxc4 {
[%clk 00:53:56] } 25. Qxc4 { [%clk 01:14:01] } 25... bxc3 { [%clk 00:54:23]
} 26. Qxc3 { [%clk 01:13:23] } 26... e4 { [%clk 00:46:47] } 27. b3 { [%clk
01:12:55] } 27... h6 { [%clk 00:44:43] } 28. h3 { [%clk 01:12:40] } 28...
Qd6 { [%clk 00:42:27] } 29. Qc4 { [%clk 01:11:50] } 29... Bc7 { [%clk
00:37:42] } 30. g3 { [%clk 01:12:01] } 30... Qe5 { [%clk 00:37:13] } 31. b4
{ [%clk 01:10:09] } 31... Nd3 { [%clk 00:37:12] } 32. a4 { [%clk 01:06:16]
} 32... h5 { [%clk 00:32:12] } 33. h4 { [%clk 01:05:44] } 33... g5 { [%clk
00:32:21] } { [%emt 00:00:26] } 34. hxg5 { [%clk 01:04:57] } 34... h4 {
[%clk 00:32:42] } 35. g6 { [%clk 01:05:07] } 35... Qe7 { [%clk 00:32:23] }
36. gxf7+ { [%clk 01:03:41] } 36... Kf8 { [%clk 00:29:06] } 37. Qxa6 {
[%clk 01:01:12] } 37... Bd6 { [%clk 00:15:50] } { [%emt 00:00:05] } 38.
Qc8+ { [%clk 01:00:56] } 38... Kxf7 { [%clk 00:16:00] } 39. Qf5+ { [%clk
01:01:03] } 39... Kg7 { [%clk 00:15:28] } 40. b5 { [%clk 01:00:33] } 40...
hxg3 { [%clk 00:14:53] } 41. fxg3 { [%clk 00:59:11] } 41... Bc5 { [%clk
00:13:16] } 42. Qg4+ { [%clk 00:58:41] } 42... Kh7 { [%clk 00:13:31] } 43.
Qh3+ { [%clk 00:52:56] } 43... Kg7 { [%clk 00:13:39] } 44. g4 { [%clk
00:53:06] } 44... Qg5 { [%clk 00:10:37] } 45. Rf5 { [%clk 00:49:07] } 45...
Qxe3+ { [%clk 00:07:50] } 46. Qxe3 { [%clk 00:49:17] } { [%emt 00:00:10] }
46... Bxe3+ { [%clk 00:08:18] } 47. Kf1 { [%clk 00:49:12] } 47... Bb6 {
[%clk 00:07:16] } 48. Ke2 { [%clk 00:47:32] } 48... Nb2 { [%clk 00:06:54] }
49. Re5 { [%clk 00:45:47] } 49... Nxa4 { [%clk 00:06:26] } 50. g5 { [%clk
00:45:18] } 50... Bd4 { [%clk 00:04:34] } 51. Rxe4 1/2-1/2

[Event "Ulster Championships 2025"]
[Site "Lisburn Chess Club, United Kingdom"]
[Date "2025.08.24"]
[Round "4.2"]
[White "O' Cuilleanain, Oisin"]
[Black "Campbell, Andrew"]
[Result "1-0"]
[WhiteElo "2129"]
[BlackElo "1887"]
[TimeControl "90' + 30\""]
[ePGN "0.1;DGT LiveChess/2.2.7"]
[WhiteFideId "2514249"]
[BlackFideId "2518392"]

1. e4 { [%clk 01:30:52] } { [%emt 00:00:22] } 1... e6 { [%clk 01:30:41] }
2. d4 { [%clk 01:30:54] } 2... d5 { [%clk 01:31:07] } 3. e5 { [%clk
01:31:17] } 3... c5 { [%clk 01:30:40] } 4. c3 { [%clk 01:31:39] } 4... Nc6
{ [%clk 01:31:05] } 5. Nf3 { [%clk 01:31:46] } 5... Bd7 { [%clk 01:31:25] }
6. Bd3 { [%clk 01:29:09] } 6... cxd4 { [%clk 01:31:25] } 7. cxd4 { [%clk
01:28:57] } 7... Qb6 { [%clk 01:31:47] } 8. Bc2 { [%clk 01:29:06] } 8...
Nb4 { [%clk 01:29:46] } 9. O-O { [%clk 01:29:01] } 9... Nxc2 { [%clk
01:29:25] } 10. Qxc2 { [%clk 01:29:23] } 10... Rc8 { [%clk 01:28:51] } 11.
Nc3 { [%clk 01:29:48] } 11... Ne7 { [%clk 01:28:15] } 12. Rd1 { [%clk
01:27:16] } 12... Nf5 { [%clk 01:27:06] } 13. Bf4 { [%clk 01:24:25] } 13...
Rc4 { [%clk 01:19:09] } 14. Qd2 { [%clk 01:21:59] } 14... Bb4 { [%clk
01:17:36] } 15. a3 { [%clk 01:21:32] } { [%emt 00:08:09] } 15... Bxc3 {
[%clk 01:16:29] } 16. bxc3 { [%clk 01:21:56] } 16... O-O { [%clk 01:15:49]
} 17. h4 { [%clk 01:19:26] } 17... Rfc8 { [%clk 01:13:52] } { [%emt
00:00:38] } 18. Rdc1 { [%clk 01:16:15] } { [%emt 00:39:37] } 18... Qa5 {
[%clk 01:10:14] } 19. g4 { [%clk 01:15:54] } 19... Ne7 { [%clk 01:10:14] }
20. Bg5 { [%clk 01:15:14] } 20... Kf8 { [%clk 01:08:18] } 21. h5 { [%clk
01:08:42] } 21... Ng8 { [%clk 01:04:28] } 22. h6 { [%clk 01:07:09] } {
[%emt 00:00:13] } 22... g6 { [%clk 00:50:07] } { [%emt 00:01:11] } 23. Qf4
{ [%clk 01:04:12] } { [%emt 01:10:01] } 23... Rxc3 { [%clk 00:47:48] } 24.
Rcb1 { [%clk 01:03:40] } 24... b5 { [%clk 00:39:22] } 25. Bh4 { [%clk
01:01:58] } 25... Rxf3 { [%clk 00:39:01] } 26. Qxf3 { [%clk 01:02:22] }
26... Rc3 { [%clk 00:37:49] } 27. Qf4 { [%clk 01:01:28] } { [%emt 00:00:04]
} 27... Rxa3 { [%clk 00:37:52] } 28. Qc1 { [%clk 01:01:15] } 28... Rxa1 {
[%clk 00:25:21] } 29. Rxa1 { [%clk 01:01:06] } 29... Qb6 { [%clk 00:24:35]
} 30. Qc5+ { [%clk 01:01:17] } 30... Qxc5 { [%clk 00:23:46] } { [%emt
00:00:05] } 31. dxc5 { [%clk 01:01:42] } 31... Nxh6 { [%clk 00:21:57] } 32.
Rxa7 { [%clk 01:01:57] } 32... Nxg4 { [%clk 00:20:25] } 33. Rxd7 { [%clk
01:01:59] } 33... Nxe5 { [%clk 00:20:49] } 34. Rd8+ { [%clk 01:02:23] } {
[%emt 00:00:05] } 34... Kg7 { [%clk 00:21:06] } 35. Bg3 { [%clk 01:02:36] }
35... Nc6 { [%clk 00:20:13] } 1-0

[Event "Ulster Championships 2025"]
[Site "Lisburn Chess Club, United Kingdom"]
[Date "2025.08.24"]
[Round "4.3"]
[White "Scannell, Steve"]
[Black "Spackman, Conor"]
[Result "1/2-1/2"]
[WhiteElo "2050"]
[BlackElo "1738"]
[TimeControl "90' + 30\""]
[ePGN "0.1;DGT LiveChess/2.2.7"]
[WhiteFideId "2501104"]
[BlackFideId "2513765"]

1. e4 { [%clk 01:30:41] } { [%emt 00:00:26] } 1... c5 { [%clk 01:30:51] }
2. c3 { [%clk 01:31:01] } 2... d5 { [%clk 01:29:49] } 3. exd5 { [%clk
01:31:24] } 3... Qxd5 { [%clk 01:29:51] } 4. d4 { [%clk 01:31:43] } 4...
Nc6 { [%clk 01:27:52] } 5. Nf3 { [%clk 01:32:03] } { [%emt 00:00:04] } 5...
e6 { [%clk 01:26:35] } 6. Be3 { [%clk 01:29:55] } 6... cxd4 { [%clk
01:24:24] } 7. cxd4 { [%clk 01:29:47] } 7... Qa5+ { [%clk 01:22:03] } 8.
Nc3 { [%clk 01:29:58] } 8... Nf6 { [%clk 01:21:00] } 9. Bd3 { [%clk
01:29:39] } { [%emt 00:00:10] } 9... Be7 { [%clk 01:17:37] } 10. O-O {
[%clk 01:29:53] } 10... O-O { [%clk 01:17:25] } 11. Rc1 { [%clk 01:29:17] }
11... Nb4 { [%clk 01:12:20] } 12. Bb1 { [%clk 01:28:12] } 12... Nbd5 {
[%clk 01:11:08] } { [%emt 00:00:05] } 13. a3 { [%clk 01:25:59] } 13... Bd7
{ [%clk 01:08:14] } 14. Ne5 { [%clk 01:25:59] } 14... Rfd8 { [%clk
01:01:57] } 15. Qf3 { [%clk 01:23:26] } 15... Be8 { [%clk 00:58:34] } 16.
Qh3 { [%clk 01:21:22] } 16... g6 { [%clk 00:57:34] } { [%emt 00:00:05] }
17. Rfe1 { [%clk 01:18:53] } 17... Rac8 { [%clk 00:55:15] } 18. Bd2 { [%clk
01:17:00] } 18... Qb6 { [%clk 00:54:14] } 19. Nxd5 { [%clk 01:11:34] }
19... Nxd5 { [%clk 00:53:41] } 20. Rxc8 { [%clk 01:00:00] } 20... Rxc8 {
[%clk 00:53:48] } 21. Nf3 { [%clk 00:56:06] } 21... Qxb2 { [%clk 00:42:43]
} 22. Be4 { [%clk 00:56:06] } 22... Nc3 { [%clk 00:38:00] } 23. d5 { [%clk
00:50:21] } { [%emt 00:01:13] } 23... Bd7 { [%clk 00:31:02] } { [%emt
00:08:09] } 24. Qh6 { [%clk 00:49:42] } { [%emt 00:00:36] } 24... Nxe4 {
[%clk 00:30:27] } { [%emt 00:01:06] } 25. Rxe4 { [%clk 00:49:28] } { [%emt
00:00:33] } 25... Qb1+ { [%clk 00:30:47] } { [%emt 00:02:15] } 26. Re1 {
[%clk 00:49:44] } 26... Qf5 { [%clk 00:30:29] } 27. dxe6 { [%clk 00:46:51]
} { [%emt 00:05:44] } 27... Bxe6 { [%clk 00:27:50] } 28. Nd4 { [%clk
00:45:26] } { [%emt 00:02:30] } 28... Qd5 { [%clk 00:25:59] } { [%emt
00:03:57] } 29. Nxe6 { [%clk 00:45:40] } 29... fxe6 { [%clk 00:26:05] } 30.
h4 { [%clk 00:33:18] } { [%emt 00:11:08] } 30... Rc4 { [%clk 00:22:06] } {
[%emt 00:04:32] } 31. g3 { [%clk 00:32:11] } { [%emt 00:01:37] } 31... Bxh4
{ [%clk 00:21:20] } { [%emt 00:01:15] } 32. Qe3 { [%clk 00:21:04] } { [%emt
00:11:58] } 32... Be7 { [%clk 00:15:47] } { [%emt 00:06:14] } 33. Bb4 {
[%clk 00:20:49] } { [%emt 00:00:15] } 33... Bxb4 { [%clk 00:14:52] } {
[%emt 00:01:26] } 34. axb4 { [%clk 00:21:12] } { [%emt 00:00:22] } 34... b6
{ [%clk 00:14:30] } { [%emt 00:01:27] } 35. Qa3 { [%clk 00:19:49] } { [%emt
00:01:50] } 35... Qd2 { [%clk 00:12:30] } { [%emt 00:02:26] } 36. Ra1 {
[%clk 00:14:48] } { [%emt 00:04:49] } 36... Rc7 { [%clk 00:10:40] } { [%emt
00:08:44] } 37. Qa4 { [%clk 00:14:45] } 37... Rf7 { [%clk 00:10:03] } 38.
Ra2 { [%clk 00:13:35] } 38... Qd5 { [%clk 00:08:54] } 39. Re2 { [%clk
00:12:49] } 39... Rf5 { [%clk 00:08:25] } { [%emt 00:09:01] } 40. Qe8+ {
[%clk 00:10:36] } 40... Kg7 { [%clk 00:07:56] } 41. Rxe6 { [%clk 00:09:49]
} 41... Qd1+ { [%clk 00:07:00] } 42. Re1 { [%clk 00:10:00] } 42... Qd5 {
[%clk 00:06:01] } { [%emt 00:00:10] } 43. Qe7+ Rf7 { [%clk 00:06:01] }
1/2-1/2